[Event "IECC M email"]
[Site "IECC email"]
[Date "1999.03.28"]
[Round "?"]
[White "Newman, Nelson"]
[Black "Smith, Gene Ward"]
[Result "1/2-1/2"]
[WhiteElo "2106"]
[BlackElo "1938"]
[PlyCount "161"]
[EventDate "1999.??.??"]
[EventType "tourn (corr)"]
[EventRounds "6"]
[SourceTitle "Corr 2008"]
[Source "ChessBase"]
[SourceDate "2008.06.24"]
[SourceVersion "1"]
[SourceVersionDate "2008.06.24"]
[SourceQuality "1"]

1. c4 Nf6 2. g3 c6 3. b3 d5 4. Bb2 Bg4 5. Bg2 e6 6. Nf3 Nbd7 7. 0-0 Bd6 8. d4 0-0 9. Nc3 Qe7 10. Qc1 Rac8 11. Re1 dxc4 12. bxc4 e5 13. c5 Bc7 14. e3 Qe6 15. dxe5 Nxe5 16. Nxe5 Bxe5 17. Ne2 Nd7 18. Nd4 Qh6 19. Qc2 Rfe8 20. Rab1 Rc7 21. Be4 Qh5 22. f3 Bh3 23. g4 Bxg4 24. fxg4 Qxh2+ 25. Qxh2 Bxh2+ 26. Kxh2 Rxe4 27. Nf5 Rxg4 28. Red1 f6 29. Bd4 Rg5 30. e4 g6 31. Nd6 Nxc5 32. Kh3 Rh5+ 33. Kg2 Re7 34. Bxf6 Re6 35. e5 b5 36. Rbc1 Nd7 37. Rxc6 Nxf6 38. Rc8+ Kg7 39. Rc7+ Kg8 40. exf6 Rg5+ 41. Kh3 Rxf6 42. Ne4 Rf3+ 43. Kh2 Rh5+ 44. Kg2 Rf7 45. Rxf7 Kxf7 46. Rd7+ Ke6 47. Rxa7 Ke5 48. Re7+ Kd4 49. Ng3 Rh4 50. Kf3 Kc3 51. Re2 Kc4 52. Ne4 b4 53. Rc2+ Kd5 54. Rd2+ Kc4 55. Rg2 Kd5 56. Nd2 Rh5 57. Kf4 Rf5+ 58. Ke3 Rf7 59. Rg5+ Kc6 60. Nb3 Ra7 61. Nc1 Ra3+ 62. Kd4 Kb6 63. Rg2 Kb5 64. Ke4 Rc3 65. Ne2 Rh3 66. Nd4+ Ka4 67. Ke5 Ka3 68. Kf6 Rh1 69. Nb3 Rb1 70. Na5 Ka4 71. Nc4 Rc1 72. Ne5 Ka3 73. Rh2 Rc5 74. Ke6 g5 75. Kd6 Rc8 76. Kd5 Rd8+ 77. Ke4 Rc8 78. Kd4 Rd8+ 79. Kc5 Rc8+ 80. Kb5 Rb8+ 81. Kc5 1/2-1/2

[Event "IECG CN.1998.0.00076"]
[Site "IECG email"]
[Date "1998.07.29"]
[Round "?"]
[White "Smith, Gene Ward"]
[Black "Skovgaard, Michael"]
[Result "1-0"]
[WhiteElo "800"]
[BlackElo "800"]
[PlyCount "49"]
[EventDate "1998.07.29"]
[EventType "tourn (corr)"]
[EventRounds "5"]
[SourceTitle "Corr 2008"]
[Source "ChessBase"]
[SourceDate "2008.06.24"]
[SourceVersion "1"]
[SourceVersionDate "2008.06.24"]
[SourceQuality "1"]

1. c4 c6 2. e4 d5 3. exd5 cxd5 4. d4 dxc4 5. Bxc4 e6 6. Nf3 Bb4+ 7. Nc3 Nf6 8. Qb3 Qa5 9. 0-0 Nc6 10. Bg5 Bxc3 11. Bxf6 gxf6 12. bxc3 e5 13. Bxf7+ Kd8 14. Bd5 Bd7 15. dxe5 fxe5 16. Rfd1 Kc7 17. Nxe5 Nxe5 18. Qxb7+ Kd8 19. Qxa8+ Bc8 20. Qb8 Qxc3 21. Bc4+ Nd7 22. Rxd7+ Kxd7 23. Rd1+ Ke7 24. Qd6+ Ke8 25. Qd8# 1-0